South Eastern Kenya University

Library Online Public Access Catalogue


Technical drawing 3 / (Record no. 1196)

MARC details
000 -LEADER
fixed length control field 00309nam a2200133 4500
020 ## - ISBN
International Standard Book Number 0174310145
050 00 - LIBRARY OF CONGRESS CALL NUMBER
Classification Number T353
Item Number .Y37 1979
245 ## - TITLE
Title Technical drawing 3 /
Statement of responsibility, etc A. Yarwood.
260 ## - PUBLICATION, DISTRIBUTION, ETC.(IMPRINT)
Place of publication, distribution, etc Nairobi, Kenya :
Name of publisher, distributor, etc Thomas Nelson,
Date of publication, distribution, etc c1973.
300 ## - PHYSICAL DESCRIPTION
Extent 96 p. ;
500 ## - GENERALNOTE
General note iIl.
650 ## - SUBJECT--TOPIC
Topical term following geographic name as entry element Drawing
942 ## - ADDED ENTRY ELEMENTS(KOHA)
Koha item type General circulation
Holdings
Source of classification or shelving scheme Not for loan Location (home branch) Sublocation (holding branch) Date accessioned Cost, normal purchase price Full call number Barcode Cost, replacement price Nonpublic note Koha item type Public note
Library of Congress Classification   Main Campus Library Main Campus Library 16/08/2014 100.00 T353 .Y37 1979 2019/023521 600.00 Rono General circulation Rono
Kitui, Kenya.
+254736116989
library@seku.ac.ke